Normal view
MARC view
Entry Personal Name
001 - CONTROL NUMBER
- control field: 25778
003 - CONTROL NUMBER IDENTIFIER
- control field: ARRUPE
005 - DATE AND TIME OF LATEST TRANSACTION
- control field: 20160913150221.0
008 - FIXED-LENGTH DATA ELEMENTS
- fixed length control field: 160913|| aca||aabn | a|a d
040 ## - CATALOGING SOURCE
- Original cataloging agency: ARRUPE
- Transcribing agency: ARRUPE
100 ## - HEADING--PERSONAL NAME
- Personal name: West, D. J.
- Fuller form of name: (Donald James),
- Dates associated with a name: 1924-
670 ## - SOURCE DATA FOUND
- Source citation: Work cat.: (ARRUPE)0: West, D. J. (Donald James), 1924-, The young offender, 1967.